Farebný atlas rastlín

Bibliographic Details
Main Authors: Randuška, Dušan, 1923- (Author, Photographer), Šomšák, Ladislav, 1932-2005 (Author), Háberová, Izabela, 1940- (Author)
Format: Book
Language:Slovak
PhysicalDescription:638 strán farebné fotografie 25 cm
Published: Bratislava Obzor 1983
Edition:1. vyd.
Series:Obrázky z prírody
Subjects:

MARC

LEADER 00000cam a2200000 a 4500
001 vtls001092952
003 SK-MaSNL
005 20260302064116.0
008 240226s1983 xo o grn 001 0 slo
015 |a SNBA1983 
020 |q (viazané) 
035 |a SNK000035794 
040 |a SNK  |b slo  |c SNK  |e AACR2 
041 0 |a slo 
044 |a xo  |c SK 
072 7 |a 58  |x Botanika  |2 konspekt 
072 7 |a 0/9-053.2  |x Literatúra pre deti a mládež (náučná)  |2 konspekt 
080 |a 582  |2 2001 
080 |a 581.9(23.0)  |2 2001 
080 |a 581.9(254)  |2 2001 
080 |a 58  |2 2011 
080 |a (084.4)  |2 2001 
080 |a 582  |2 2011 
080 |a (084.11)  |2 2011 
080 |a 82-93-053.2/.6  |2 2011 
100 1 |a Randuška, Dušan,  |d 1923-  |4 aut  |4 pht  |9 6366 
245 1 0 |a Farebný atlas rastlín  |c Dušan Randuška, Ladislav Šomšák, Izabela Háberová 
250 |a 1. vyd. 
260 |a Bratislava  |b Obzor  |c 1983 
300 |a 638 strán  |b farebné fotografie  |c 25 cm 
366 |e 20000 kusov 
490 1 |a Obrázky z prírody 
500 |a Rozložená ilustrovaná titulná strana. Ilustrácie na predsádkach. Zoznam slovenských a latinských čeľadí 
504 |a Obsahuje register slovenských názvov 
650 0 7 |a botanika  |2 SNKPH  |9 688 
650 0 7 |a rastliny  |2 SNKPH  |9 690 
655 7 |a obrazové publikácie  |2 SNKPH  |9 70343 
655 7 |a atlasy  |2 SNKPH  |9 70424 
655 7 |a publikácie pre deti a mládež  |2 SNKPH  |9 70541 
700 1 |a Šomšák, Ladislav,  |d 1932-2005  |4 aut  |9 125323 
700 1 |a Háberová, Izabela,  |d 1940-  |4 aut  |9 36971 
830 0 |a Obrázky z prírody  |9 307440 
954 |a odborná, vedecká literatúra pôvodná (slovenská)  |2 lita 
954 |a obrazové publikácie zamerané na výtvarné umenie a fotografiu pôvodné (slovenské)  |2 lita 
958 |a OND 
958 |a EUIPO 
958 |a RK 
958 |a TL 
958 |a NB 
958 |a DB 
999 |c 1135877  |d 1137807 
952 |t P60, <04>, [BOOK], {604}  |a SNK  |b SNK  |y VYP  |7 0  |p 17A0451038  |o snkSC 59556 D2  |i snkD 1647/2004  |8 1  |0 0  |1 0  |4 0  |d 2004-11-26  |l 0  |r 2004-12-31 00:00:00  |w 2026-02-24 
952 |t P60, <03>, [BOOK], {603}  |a SNK  |b SNK  |y PREZ  |7 0  |p 17A0187328  |o snkSC 59556  |i snkKSP 8906/83  |0 0  |1 0  |4 0  |d 1999-03-25  |f 1  |l 0  |r 2025-06-09 00:00:00  |w 2026-02-24 
952 |t snkRAN 582(038)  |a SNKUST  |b SNKUST  |y PREZ  |7 0  |p 17A0133553  |o snkSC 59556 D1  |i snkKSP 8907/83  |0 0  |1 0  |4 0  |d 1998-04-14  |l 0  |r 2025-03-19 00:00:00  |w 2026-02-24